000 00616nam a2200205 a 4500
005 20221028063607.0
008 040303s1995 ag r 000 0 spa d
020 _a9507244735
035 _aUPN01000132403
049 _aCG
050 4 _aHV3011
_bC3.3
100 1 _aCasado Pérez, Demetrio,
_d1934-
_937706
245 1 0 _aAnte la discapacidad :
_bglosas iberoamericanas /
_cDemetrio Casado.
260 _aBuenos Aires :
_bLumen,
_cc1995.
300 _a143 p. :
_bil.
440 0 _aPolítica, servicios y trabajo social
650 2 _aDiscapacidades
_914026
650 4 _aPERSONAS CON DISCAPACIDAD
905 _aLibro
999 _c104558
_d104558